000 00470cam a2200193ua 4500
001 11634
008 191014n ii |||gr||||Z||||||eng
020 _a9780199679393
040 _cMAIN
041 _aeng
082 _a370.11
100 _aSusan Wallace,
_eEditor.
245 _aDictionary of education
_cEd by Susan Wallace
250 _a2nd ed.
260 _aNew Delhi:
_bOxford university press,
_c2015.
300 _a334p.
653 _aEducation
942 _cBK
999 _c10446
_d10446